000 00561nam a22002177a 4500
003 OSt
005 20140310181933.0
008 130723t xxu||||| |||| 00| 0 eng d
020 _a9780140620276
050 _aPR 4664
_b.El42 1994
082 _aCLA El4m
_b1994
100 _aEliot, George
_92984
245 _aThe Mill on the floss /
_cGeorge Eliot.
260 _aNew York :
_bPenguin Books,
_cc1994.
300 _a534 p. :
_c18 cm.
541 _j1
541 _j2
562 _e2
650 _aClassics
_92808
942 _2lcc
_cBBK
_kCLA
999 _c7443
_d7443